FIFA 25 LIVERPOOL PLAYER BY PICTURE - Statistics

General Stats
  • This quiz has been taken 157 times
  • The average score is 16 of 19
Answer Stats
Picture Answer % Correct
Virgil van Dijk
99%
Mohamed Salah
98%
Darwin Núñez
97%
Alexis Mac Allister
95%
Cody Gakpo
94%
Diogo Jota
94%
Alisson
92%
Andrew Robertson
91%
Joe Gomez
91%
Luis Díaz
91%
Trent Alexander-Arnold
90%
Dominik Szoboszlai
84%
Federico Chiesa
82%
Ibrahima Konaté
79%
Harvey Elliott
76%
Wataru Endo
75%
Ryan Gravenberch
74%
Konstantinos Tsimikas
73%
Curtis Jones
72%
No matching quizzes found
Score Distribution
Percent of People with Each Score
Percentile by Number Answered
Your Score History
You have not taken this quiz